| 000 | 00916nam a2200277Ia 4500 | ||
|---|---|---|---|
| 003 | 6736 | ||
| 005 | 20260423064243.0 | ||
| 008 | 161219s2004||||ag |||||||||||||| ||spa|| | ||
| 020 | _a9500515377 | ||
| 020 | _a9789500515375 | ||
| 040 |
_carresunl _aarresunl _dAR-MoUNM |
||
| 041 | _aspa | ||
| 044 | _aag | ||
| 082 | 0 | 4 |
_224.11 _a370.982 _bCIR 578 |
| 100 | 1 |
_aCirigliano, Gustavo F. J., _d1930-2012. _q(Gustavo Francisco José), _924480 |
|
| 245 | 1 | 0 |
_aProyecto de nación y educación : _breflexiones / _cGustavo F. J. Cirigliano. |
| 260 |
_aBuenos Aires : _bCorregidor : _bSADOP, _c2004. |
||
| 300 |
_a90 p. : _bgráf. ; _c24 cm. |
||
| 650 | 7 |
_aEDUCACION _2unescot _9319 |
|
| 650 | 7 |
_aNACION _2unescot _9900 |
|
| 650 | 7 |
_aSISTEMA EDUCATIVO _2unescot _9823 |
|
| 650 | 7 |
_aENSEÑANZA PUBLICA _2unescot _95561 |
|
| 650 | 7 |
_aENSEÑANZA PRIVADA _2unescot _914100 |
|
| 651 | 7 |
_2unescot _aARGENTINA _92590 |
|
| 942 |
_2ddc _cLIBRO |
||
| 999 |
_c21727 _d21728 |
||